[Event "Titled Tuesday intern op 20th Dec Early"]
[Site "Chess.com INT"]
[Date "2022.12.20"]
[Round "6"]
[White "Bortnyk, Olexandr"]
[Black "Zhuravlev, Alexey"]
[Result "1/2-1/2"]
[WhiteElo "2604"]
[BlackElo "2359"]
[PlyCount "137"]
[EventDate "2022.12.20"]
[EventType "swiss (blitz)"]
[EventRounds "11"]
[EventCountry "USA"]
[SourceTitle "EXT 2024"]
[Source "ChessBase"]
[SourceDate "2023.10.10"]
[SourceVersion "1"]
[SourceVersionDate "2023.10.10"]
[SourceQuality "1"]

1. d4 Nf6 2. Nc3 d5 3. Bf4 g6 4. e3 Bg7 5. h4 h6 6. Nb5 Na6 7. Nf3 0-0 8. Nc3 b6 9. Ne5 Bb7 10. g4 Nd7 11. Bxa6 Bxa6 12. Nc6 Qe8 13. Nxd5 Kh7 14. Nxc7 Qc8 15. Nxe7 Qb7 16. d5 Rad8 17. Nxa6 Qxa6 18. c3 Rfe8 19. Nc6 Rc8 20. Qe2 Qa4 21. f3 Nf6 22. Rd1 Nxd5 23. Rxd5 Rxc6 24. Kf2 Rce6 25. e4 Qxa2 26. Qd2 Qc4 27. Rd1 a5 28. Qd3 Qa2 29. Rd2 Qa1 30. Kg2 a4 31. Rd7 R8e7 32. Rxe7 Rxe7 33. h5 a3 34. bxa3 Bxc3 35. hxg6+ fxg6 36. Rc2 Bd4 37. Rc1 Qb2+ 38. Rc2 Qa1 39. Rc1 Qb2+ 40. Qd2 Qxd2+ 41. Bxd2 Bb2 42. Rh1 Bxa3 43. Bxh6 Kg8 44. Be3 b5 45. Rb1 b4 46. Kg3 Rb7 47. Rb3 Kf7 48. f4 Ke6 49. Kf3 Rc7 50. Bd4 Rc4 51. Ke3 Rc2 52. f5+ gxf5 53. gxf5+ Kd6 54. Kd3 Rc1 55. Be3 Rc8 56. Kd4 Rd8 57. Bf4+ Kc6+ 58. Kc4 Rd1 59. e5 Rf1 60. Bg3 Rxf5 61. e6 Rf6 62. Re3 b3 63. Kxb3 Bc5 64. Rc3 Kd5 65. Rxc5+ Kxc5 66. e7 Re6 67. Bh4 Kd6 68. Kc4 Rxe7 69. Bxe7+ 1/2-1/2

[Event "Titled Tuesday intern op 20th Dec Early"]
[Site "Chess.com INT"]
[Date "2022.12.20"]
[Round "1"]
[White "Vargas, Mauricio"]
[Black "Zhuravlev, Alexey"]
[Result "0-1"]
[WhiteElo "2125"]
[BlackElo "2359"]
[PlyCount "48"]
[EventDate "2022.12.20"]
[EventType "swiss (blitz)"]
[EventRounds "11"]
[EventCountry "USA"]
[SourceTitle "EXT 2024"]
[Source "ChessBase"]
[SourceDate "2023.10.10"]
[SourceVersion "1"]
[SourceVersionDate "2023.10.10"]
[SourceQuality "1"]

1. e4 c6 2. d4 d5 3. e5 Bf5 4. g4 Bg6 5. h4 h5 6. e6 hxg4 7. exf7+ Bxf7 8. Qxg4 Nf6 9. Qd1 Qc7 10. Bd3 e5 11. dxe5 Qxe5+ 12. Qe2 Bd6 13. Nf3 Qxe2+ 14. Bxe2 Nbd7 15. Bg5 0-0-0 16. Nc3 Rde8 17. 0-0-0 Bh5 18. Nd4 Bxe2 19. Ndxe2 Nc5 20. Rhe1 Nfe4 21. Nxe4 Nxe4 22. Ng3 Nxf2 23. Rxe8+ Rxe8 24. Rf1 Bxg3 0-1

[Event "Titled Tuesday intern op 20th Dec Early"]
[Site "Chess.com INT"]
[Date "2022.12.20"]
[Round "7"]
[White "Zhuravlev, Alexey"]
[Black "Kopylov, Alexander A"]
[Result "1/2-1/2"]
[WhiteElo "2359"]
[BlackElo "2397"]
[PlyCount "101"]
[EventDate "2022.12.20"]
[EventType "swiss (blitz)"]
[EventRounds "11"]
[EventCountry "USA"]
[SourceTitle "EXT 2024"]
[Source "ChessBase"]
[SourceDate "2023.10.10"]
[SourceVersion "1"]
[SourceVersionDate "2023.10.10"]
[SourceQuality "1"]

1. e4 e5 2. Nc3 Nc6 3. g3 h5 4. h3 h4 5. g4 Nge7 6. d3 Ng6 7. Nge2 Be7 8. f4 exf4 9. Nxf4 Nxf4 10. Bxf4 Bg5 11. Qd2 Bxf4 12. Qxf4 d6 13. Bg2 Be6 14. 0-0 Ne5 15. Rf2 Ng6 16. Qe3 c5 17. Rb1 0-0 18. Rbf1 Rb8 19. a4 a6 20. Ne2 b5 21. axb5 axb5 22. Nf4 Qg5 23. Qd2 Nxf4 24. Qxf4 Qxf4 25. Rxf4 g5 26. Rf6 Kg7 27. c3 Rb6 28. d4 cxd4 29. cxd4 Ra6 30. d5 Bc8 31. R1f2 b4 32. Bf1 Rb6 33. e5 Bb7 34. Bc4 Ba6 35. Bb3 Bd3 36. e6 Bg6 37. Kg2 Rb7 38. Kf1 Rc8 39. exf7 Rxf7 40. Rxf7+ Bxf7 41. Rf5 Kg6 42. Ke2 Rc1 43. Kd2 Rh1 44. Bc2 Kg7 45. Rxg5+ Kh6 46. Rf5 Bg6 47. Rf6 Rh2+ 48. Kd1 Rh1+ 49. Kd2 Rh2+ 50. Kd1 Rh1+ 51. Kd2 1/2-1/2

[Event "Titled Tuesday intern op 18th Jan"]
[Site "Chess.com INT"]
[Date "2022.01.18"]
[Round "10"]
[White "Moreira, Ronaldo Alonso"]
[Black "Zhuravlev, Alexey"]
[Result "0-1"]
[WhiteElo "2088"]
[BlackElo "2359"]
[PlyCount "98"]
[EventDate "2022.01.18"]
[EventType "swiss (blitz)"]
[EventRounds "11"]
[EventCountry "USA"]
[SourceTitle "CBM 206 Extra"]
[Source "ChessBase"]
[SourceDate "2022.03.31"]
[SourceVersion "1"]
[SourceVersionDate "2022.03.31"]
[SourceQuality "1"]

1. d4 Nf6 2. c4 g6 3. Nc3 Bg7 4. e4 d6 5. Nf3 0-0 6. h3 e5 7. d5 Nh5 8. g3 a5 9. Be3 Na6 10. Be2 f5 11. exf5 gxf5 12. Nh4 f4 13. Bd2 fxg3 14. Bxh5 gxf2+ 15. Kf1 Qxh4 16. Bg4 Nc5 17. Bxc8 Qxc4+ 18. Qe2 Qxe2+ 19. Kxe2 Raxc8 20. Raf1 Rf5 21. Rxf2 Rxf2+ 22. Kxf2 Nd3+ 23. Ke2 Nxb2 24. Rb1 Nc4 25. Rxb7 e4 26. Nxe4 Re8 27. Kd3 Rxe4 28. Kxe4 Nxd2+ 29. Kd3 Nf3 30. Rxc7 h5 31. Ra7 Ng5 32. h4 Nf3 33. Rxa5 Nxh4 34. Ra6 Be5 35. Ra7 Nf5 36. Ke4 Nd4 37. a4 h4 38. Rb7 h3 39. a5 h2 40. Rb1 Nb3 41. a6 Nd2+ 42. Kd3 Nxb1 43. a7 h1Q 44. a8Q+ Kf7 45. Qb7+ Kf6 46. Qd7 Qd1+ 47. Kc4 Qc2+ 48. Kb5 Na3+ 49. Ka6 Qc4+ 0-1

[Event "Titled Tuesday intern op 18th Jan"]
[Site "Chess.com INT"]
[Date "2022.01.18"]
[Round "9"]
[White "Zhuravlev, Alexey"]
[Black "Ezat, Mohamed Mahmoud"]
[Result "0-1"]
[WhiteElo "2359"]
[BlackElo "2411"]
[PlyCount "96"]
[EventDate "2022.01.18"]
[EventType "swiss (blitz)"]
[EventRounds "11"]
[EventCountry "USA"]
[SourceTitle "CBM 206 Extra"]
[Source "ChessBase"]
[SourceDate "2022.03.31"]
[SourceVersion "1"]
[SourceVersionDate "2022.03.31"]
[SourceQuality "1"]

1. e4 c6 2. d4 d5 3. e5 c5 4. dxc5 Nc6 5. Bb5 e6 6. Be3 Bd7 7. Bxc6 Bxc6 8. Nf3 Ne7 9. c3 Nf5 10. Bd4 Nxd4 11. Qxd4 Qc7 12. b4 a5 13. 0-0 Be7 14. Re1 0-0 15. h4 Rfb8 16. Nbd2 b6 17. cxb6 Rxb6 18. a3 Rba6 19. Nb3 axb4 20. axb4 Bb5 21. Rxa6 Rxa6 22. Ra1 h6 23. Ra5 Bc4 24. Rxa6 Bxa6 25. Nc5 Bb5 26. g3 Qa7 27. Nd2 Qa1+ 28. Kh2 g5 29. hxg5 hxg5 30. Nf3 Qf1 31. Nb7 Be2 32. Ng1 Bd3 33. Nd6 f6 34. Nc8 Bd8 35. exf6 Kf7 36. Nd6+ Kg6 37. f7 Be7 38. Ne8 Kxf7 39. Nc7 Bd6 40. Nxe6 Kxe6 41. Nf3 Be4 42. Nxg5+ Kd7 43. Nxe4 dxe4 44. c4 Qe2 45. c5 Qh5+ 46. Kg1 Qf3 47. Qxd6+ Kc8 48. Qf4 Qd3 0-1

[Event "Titled Tuesday intern op 18th Jan"]
[Site "Chess.com INT"]
[Date "2022.01.18"]
[Round "7"]
[White "Zhuravlev, Alexey"]
[Black "Tristan, Leonardo"]
[Result "1-0"]
[WhiteElo "2359"]
[BlackElo "2561"]
[PlyCount "103"]
[EventDate "2022.01.18"]
[EventType "swiss (blitz)"]
[EventRounds "11"]
[EventCountry "USA"]
[SourceTitle "CBM 206 Extra"]
[Source "ChessBase"]
[SourceDate "2022.03.31"]
[SourceVersion "1"]
[SourceVersionDate "2022.03.31"]
[SourceQuality "1"]

1. e4 d5 2. exd5 Qxd5 3. Nc3 Qa5 4. b4 Qxb4 5. Rb1 Qd6 6. Bb2 c6 7. Nf3 Nf6 8. Bc4 e6 9. 0-0 Be7 10. Qe2 0-0 11. d3 Nbd7 12. a4 Nb6 13. Bb3 Nbd5 14. Ne4 Qc7 15. c4 Nf4 16. Qe3 Ng6 17. d4 b6 18. Rfd1 Bb7 19. Ng3 Rfe8 20. Ng5 Qf4 21. N3e4 Qxe3 22. fxe3 c5 23. d5 exd5 24. cxd5 Nxe4 25. Nxe4 Bf8 26. Ng5 Rxe3 27. Bc1 Re7 28. d6 Rd7 29. Nxf7 Rxf7 30. Rf1 Ne5 31. Be6 Bxd6 32. Bb2 Raf8 33. Rbd1 Bb8 34. Bxe5 Bxe5 35. Rd7 Bc8 36. Rdxf7 Rxf7 37. Bxf7+ Kh8 38. Re1 Bd4+ 39. Kh1 Bd7 40. Re7 Bxa4 41. Rxa7 Bc6 42. Rc7 Bxg2+ 43. Kxg2 g5 44. Bc4 h5 45. Kf3 g4+ 46. Kf4 Bg1 47. Kg5 Bxh2 48. Rb7 g3 49. Bd5 c4 50. Kg6 g2 51. Bxg2 c3 52. Rd7 1-0

[Event "Titled Tuesday intern op 30th Nov"]
[Site "Chess.com INT"]
[Date "2021.11.30"]
[Round "11"]
[White "Zhuravlev, Alexey"]
[Black "Okike, David"]
[Result "1-0"]
[WhiteElo "2359"]
[BlackElo "2177"]
[PlyCount "179"]
[EventDate "2021.11.30"]
[EventType "swiss (blitz)"]
[EventRounds "11"]
[EventCountry "USA"]
[SourceTitle "CBM 205 Extra"]
[Source "ChessBase"]
[SourceDate "2022.01.31"]
[SourceVersion "1"]
[SourceVersionDate "2022.01.31"]
[SourceQuality "1"]

1. e4 c5 2. Nc3 Nc6 3. f4 g6 4. Nf3 Bg7 5. Bc4 d6 6. 0-0 e6 7. f5 gxf5 8. d3 Nge7 9. Qe1 d5 10. exd5 exd5 11. Bb3 Nd4 12. Nxd4 Bxd4+ 13. Kh1 Be6 14. Bg5 Qd7 15. Bxe7 Bxc3 16. Qxc3 Kxe7 17. Qxc5+ Qd6 18. Qd4 Rhg8 19. Rae1 Kd7 20. Rf4 a6 21. Re5 Kc6 22. a4 b5 23. a5 Qc5 24. Bxd5+ Bxd5 25. Rxd5 Qxd5 26. Qb6+ Kd7 27. Rd4 Qxd4 28. Qxd4+ Ke7 29. Qe5+ Kf8 30. Qxf5 Rg6 31. Qe5 Kg8 32. h3 Re6 33. Qc7 Rae8 34. d4 Re1+ 35. Kh2 R1e2 36. d5 Rd2 37. d6 Ree2 38. Qc8+ Kg7 39. Qg4+ Kf8 40. d7 Re7 41. Qf5 Rexd7 42. Qxh7 R7d6 43. Qh8+ Ke7 44. Qh7 R2d4 45. c3 Rd2 46. b4 R2d3 47. Qh4+ Kd7 48. Qh8 Rc6 49. Qg7 Ke7 50. Qg5+ Ke8 51. Qe5+ Re6 52. Qh8+ Kd7 53. Qg7 Ke7 54. Qg5+ Kf8 55. Qc5+ Kg7 56. c4 bxc4 57. Qxc4 Rde3 58. b5 axb5 59. Qxb5 R3e5 60. Qb1 Ra6 61. Qb2 Raxa5 62. h4 Kg6 63. Kh3 Rab5 64. Qc2+ Kh6 65. g3 Rbc5 66. Qd2+ Kg6 67. g4 Rcd5 68. h5+ Kg7 69. Qc2 f6 70. Kh4 Re7 71. Qg6+ Kf8 72. Qxf6+ Rf7 73. Qh8+ Ke7 74. Qh6 Rd6 75. Qg5+ Rdf6 76. Qe5+ Kf8 77. Kg5 Rf1 78. h6 Kg8 79. Qe8+ Kh7 80. Qe4+ Kg8 81. Qg6+ Kf8 82. h7 Rxh7 83. Qxh7 Rf7 84. Qh8+ Ke7 85. Qe5+ Kf8 86. Qb8+ Kg7 87. Qb2+ Kg8 88. Kg6 Re7 89. Qb8+ Re8 90. Qxe8# 1-0

[Event "Titled Tuesday intern op 30th Nov"]
[Site "Chess.com INT"]
[Date "2021.11.30"]
[Round "6"]
[White "Zhuravlev, Alexey"]
[Black "Sailer, Mike L"]
[Result "1-0"]
[WhiteElo "2359"]
[BlackElo "2109"]
[PlyCount "45"]
[EventDate "2021.11.30"]
[EventType "swiss (blitz)"]
[EventRounds "11"]
[EventCountry "USA"]
[SourceTitle "CBM 205 Extra"]
[Source "ChessBase"]
[SourceDate "2022.01.31"]
[SourceVersion "1"]
[SourceVersionDate "2022.01.31"]
[SourceQuality "1"]

1. e4 d5 2. exd5 Qxd5 3. Nc3 Qd6 4. Nf3 Nf6 5. Bc4 c6 6. h3 Bf5 7. d3 e6 8. 0-0 Be7 9. Nh4 Bg6 10. Nxg6 hxg6 11. Qf3 Nbd7 12. Bf4 Qc5 13. Rfe1 Qh5 14. Qe3 Nb6 15. Bxe6 fxe6 16. Qxe6 Nc8 17. Re5 Qh7 18. Qb3 Nd6 19. Rae1 Ng8 20. Qe6 Qh4 21. Qxd6 Qxf4 22. Rxe7+ Nxe7 23. Qxe7# 1-0

[Event "Titled Tuesday intern op 23rd Nov"]
[Site "Chess.com INT"]
[Date "2021.11.23"]
[Round "6"]
[White "Bonte, Andrei Mihai"]
[Black "Zhuravlev, Alexey"]
[Result "1-0"]
[WhiteElo "2340"]
[BlackElo "2359"]
[PlyCount "59"]
[EventDate "2021.11.23"]
[EventType "swiss (blitz)"]
[EventRounds "11"]
[EventCountry "USA"]
[SourceTitle "CBM 205 Extra"]
[Source "ChessBase"]
[SourceDate "2022.01.31"]
[SourceVersion "1"]
[SourceVersionDate "2022.01.31"]
[SourceQuality "1"]

1. d4 Nf6 2. c4 g6 3. Nc3 Bg7 4. e4 d6 5. Nf3 0-0 6. Be2 e5 7. 0-0 Nc6 8. d5 Ne7 9. Nh4 Nd7 10. g3 f5 11. exf5 Nxf5 12. Nxf5 Rxf5 13. Ne4 h6 14. Be3 b6 15. Qd2 Kh7 16. h4 Nf6 17. Nxf6+ Rxf6 18. h5 g5 19. Bd3+ Kh8 20. f3 g4 21. fxg4 Bxg4 22. Rxf6 Qxf6 23. Rf1 Qe7 24. Bxh6 Bxh5 25. Bg5 Qe8 26. Qh2 Kg8 27. Bf5 Bf8 28. Be6+ Kg7 29. Bf6+ Kg6 30. g4 1-0

[Event "Titled Tuesday intern op 23rd Nov"]
[Site "Chess.com INT"]
[Date "2021.11.23"]
[Round "11"]
[White "Erdogdu, Mert"]
[Black "Zhuravlev, Alexey"]
[Result "1-0"]
[WhiteElo "2407"]
[BlackElo "2359"]
[PlyCount "91"]
[EventDate "2021.11.23"]
[EventType "swiss (blitz)"]
[EventRounds "11"]
[EventCountry "USA"]
[SourceTitle "CBM 205 Extra"]
[Source "ChessBase"]
[SourceDate "2022.01.31"]
[SourceVersion "1"]
[SourceVersionDate "2022.01.31"]
[SourceQuality "1"]

1. e4 c6 2. d4 d5 3. exd5 cxd5 4. c4 Nf6 5. Nc3 g6 6. cxd5 Nxd5 7. Qb3 Nb6 8. d5 Bg7 9. Be3 0-0 10. Rd1 Na6 11. Nf3 Qd6 12. Bxa6 bxa6 13. 0-0 Bb7 14. Bd4 Rfd8 15. Rfe1 Bxd4 16. Rxd4 Rab8 17. Red1 Nc8 18. h4 Qb6 19. Rb4 Qc7 20. Ne4 a5 21. Rc4 Qb6 22. Qc3 Nd6 23. Nxd6 Rxd6 24. Rc5 a4 25. Ne5 Rbd8 26. Qe3 Rxd5 27. Rdxd5 Rxd5 28. Rxd5 Bxd5 29. Qf4 Qxb2 30. Ng4 Qg7 31. a3 e5 32. Nxe5 Be6 33. h5 h6 34. hxg6 fxg6 35. Nd3 Kh7 36. Qe3 Bb3 37. Ne5 Qe7 38. f4 Qe6 39. Qxa7+ Kg8 40. Qd4 h5 41. Kf2 Kh7 42. Qa7+ Kh6 43. Qd4 Qf5 44. Nf3 Qc2+ 45. Kg3 Qc4 46. Qh8# 1-0

[Event "Titled Tuesday intern op 23rd Nov"]
[Site "Chess.com INT"]
[Date "2021.11.23"]
[Round "2"]
[White "Zhuravlev, Alexey"]
[Black "Bures, Vit"]
[Result "1/2-1/2"]
[WhiteElo "2359"]
[BlackElo "2111"]
[PlyCount "92"]
[EventDate "2021.11.23"]
[EventType "swiss (blitz)"]
[EventRounds "11"]
[EventCountry "USA"]
[SourceTitle "CBM 205 Extra"]
[Source "ChessBase"]
[SourceDate "2022.01.31"]
[SourceVersion "1"]
[SourceVersionDate "2022.01.31"]
[SourceQuality "1"]

1. e4 e5 2. Nf3 Nc6 3. Bc4 Bc5 4. c3 Nf6 5. d4 exd4 6. cxd4 Bb4+ 7. Nc3 Nxe4 8. 0-0 Bxc3 9. d5 Ne5 10. bxc3 Nxc4 11. Qd4 0-0 12. Qxc4 Nd6 13. Qf4 b6 14. Re1 Bb7 15. c4 Re8 16. Ba3 Qf6 17. Qxf6 gxf6 18. Bxd6 cxd6 19. Nh4 Re5 20. f4 Rh5 21. g3 Kf8 22. Re4 Rc8 23. Rae1 Ba6 24. Re7 Bxc4 25. Rxd7 Bxd5 26. Rxa7 Be6 27. Rb1 b5 28. f5 Bxf5 29. Rxb5 Bg6 30. Nxg6+ fxg6 31. Rbb7 Kg8 32. h4 Rd5 33. Rg7+ Kf8 34. Rxh7 Kg8 35. Rag7+ Kf8 36. Kg2 Rc2+ 37. Kh3 g5 38. hxg5 Rxg5 39. Ra7 Rc8 40. Rhf7+ Kg8 41. Rxf6 Rc3 42. Rxd6 Rcxg3+ 43. Kh4 R3g4+ 44. Kh3 Rg3+ 45. Kh4 R3g4+ 46. Kh3 Rg3+ 1/2-1/2

[Event "Titled Tuesday intern op 09th Nov"]
[Site "Chess.com INT"]
[Date "2021.11.09"]
[Round "8"]
[White "Zhuravlev, Alexey"]
[Black "Obad, Andrija"]
[Result "1-0"]
[WhiteElo "2359"]
[BlackElo "2221"]
[PlyCount "65"]
[EventDate "2021.11.09"]
[EventType "swiss (blitz)"]
[EventRounds "11"]
[EventCountry "USA"]
[SourceTitle "CBM 205 Extra"]
[Source "ChessBase"]
[SourceDate "2022.01.31"]
[SourceVersion "1"]
[SourceVersionDate "2022.01.31"]
[SourceQuality "1"]

1. e4 c5 2. Nc3 d6 3. f4 g6 4. Nf3 Bg7 5. Bc4 Nc6 6. 0-0 e6 7. f5 Nge7 8. fxg6 hxg6 9. d3 a6 10. a4 Qc7 11. Ng5 Ne5 12. Bf4 N7c6 13. Ne2 Qe7 14. c3 Bd7 15. Ba2 f6 16. Nh3 g5 17. Bg3 0-0-0 18. d4 cxd4 19. cxd4 Ng4 20. Qd2 Kb8 21. b4 e5 22. b5 Nxd4 23. Nxd4 exd4 24. Qxd4 f5 25. Bxd6+ Ka8 26. Qb6 Qxe4 27. Bc5 Kb8 28. Rac1 Be5 29. Qa7+ Kc8 30. Bd6+ Bc6 31. bxc6 Rxd6 32. cxb7+ Kd7 33. b8Q+ 1-0

[Event "Titled Tuesday intern op 19th Oct"]
[Site "Chess.com INT"]
[Date "2021.10.19"]
[Round "6"]
[White "Guzman Moneo, Alberto"]
[Black "Zhuravlev, Alexey"]
[Result "1/2-1/2"]
[WhiteElo "2196"]
[BlackElo "2359"]
[PlyCount "101"]
[EventDate "2021.10.19"]
[EventType "swiss (blitz)"]
[EventRounds "11"]
[EventCountry "USA"]
[SourceTitle "CBM 204 Extra"]
[Source "ChessBase"]
[SourceDate "2021.11.30"]
[SourceVersion "1"]
[SourceVersionDate "2021.11.30"]
[SourceQuality "1"]

1. e4 c6 2. c4 d5 3. exd5 cxd5 4. cxd5 Nf6 5. Qa4+ Nbd7 6. Nc3 g6 7. Nf3 Bg7 8. Bc4 0-0 9. 0-0 Nb6 10. Qb3 Nxc4 11. Qxc4 a6 12. a4 b6 13. Qh4 Bb7 14. d4 Nxd5 15. Bh6 Nxc3 16. bxc3 Bxf3 17. gxf3 Bxh6 18. Qxh6 Rc8 19. Rac1 Qd7 20. Rfe1 Rc7 21. Re4 f5 22. Rh4 e6 23. c4 Rfc8 24. a5 Rxc4 25. Rxc4 Rxc4 26. axb6 Rxd4 27. Rxd4 Qxd4 28. Qe3 Qd5 29. h4 a5 30. h5 gxh5 31. Qg5+ Kf7 32. Qxh5+ Kf6 33. Qh6+ Ke5 34. Qe3+ Kd6 35. f4 Kc6 36. Qc3+ Kxb6 37. Qb2+ Kc5 38. Qc3+ Kb5 39. Qb2+ Kc4 40. Qa2+ Kb4 41. Qb2+ Qb3 42. Qd4+ Ka3 43. Qa1+ Kb4 44. Qd4+ Qc4 45. Qb2+ Ka4 46. Qa1+ Kb5 47. Qe5+ Kb6 48. Qb8+ Kc5 49. Qe5+ Kb4 50. Qb2+ Qb3 51. Qd4+ 1/2-1/2

[Event "Speed Chess Super Swiss"]
[Site "Chess.com INT"]
[Date "2021.10.16"]
[Round "7"]
[White "Senthilkumar, Pranav"]
[Black "Zhuravlev, Alexey"]
[Result "1-0"]
[WhiteElo "1855"]
[BlackElo "2359"]
[PlyCount "95"]
[EventDate "2021.10.16"]
[EventType "swiss (blitz)"]
[EventRounds "15"]
[EventCountry "USA"]
[SourceTitle "CBM 204 Extra"]
[Source "ChessBase"]
[SourceDate "2021.11.30"]
[SourceVersion "1"]
[SourceVersionDate "2021.11.30"]
[SourceQuality "1"]

1. d4 Nf6 2. c4 g6 3. Nc3 Bg7 4. e4 d6 5. Nf3 0-0 6. Be2 e5 7. Be3 Ng4 8. Bg5 f6 9. Bc1 Nc6 10. h3 exd4 11. Nxd4 Nxd4 12. Qxd4 Ne5 13. 0-0 Be6 14. f4 Nc6 15. Qf2 f5 16. Be3 Qd7 17. exf5 Bxf5 18. Nd5 Rae8 19. Bf3 Bd3 20. Rfc1 Kh8 21. a4 a5 22. Ra3 Be4 23. Bg4 Qf7 24. Rb3 b6 25. Bf3 Bxf3 26. Qxf3 Nd4 27. Bxd4 Bxd4+ 28. Kh2 c6 29. Nxb6 Qxf4+ 30. Qxf4 Rxf4 31. Nd7 Rd8 32. Nb8 Rc8 33. Re1 Be5 34. Kh1 Rxc4 35. Nd7 Bd4 36. Nb6 Rb4 37. Rxb4 axb4 38. Nxc8 Bxb2 39. Nxd6 Bd4 40. Nc4 Kg7 41. a5 Kf6 42. a6 Kf5 43. Rd1 Bc5 44. Rd7 b3 45. a7 Ke6 46. Rb7 b2 47. a8Q b1Q+ 48. Rxb1 1-0

[Event "Titled Tuesday intern op 24th Aug"]
[Site "Chess.com INT"]
[Date "2021.08.24"]
[Round "9"]
[White "Zhuravlev, Alexey"]
[Black "Aradhya, Garg"]
[Result "0-1"]
[WhiteElo "2359"]
[BlackElo "2198"]
[PlyCount "126"]
[EventDate "2021.08.24"]
[EventType "swiss (blitz)"]
[EventRounds "11"]
[EventCountry "USA"]
[SourceTitle "EXT 2022"]
[Source "ChessBase"]
[SourceDate "2021.10.06"]
[SourceVersion "1"]
[SourceVersionDate "2021.10.06"]
[SourceQuality "1"]

1. e4 e5 2. Nf3 Nc6 3. Bc4 Nf6 4. Ng5 d5 5. exd5 Na5 6. Bb5+ Bd7 7. Qe2 Be7 8. Nf3 0-0 9. Bxd7 Qxd7 10. Nxe5 Qxd5 11. 0-0 Bd6 12. Nf3 Rfe8 13. Qd1 Nc6 14. d3 Qh5 15. Nbd2 Re7 16. Nc4 Nd4 17. Nxd6 Nxf3+ 18. Qxf3 Qxf3 19. gxf3 cxd6 20. Bf4 Rc8 21. c3 Rd7 22. Rfe1 b5 23. a3 a5 24. Kf1 Nd5 25. Bd2 f5 26. Rac1 Nb6 27. Be3 Na4 28. Re2 Kf7 29. Rec2 Nc5 30. Bxc5 dxc5 31. Rd2 Rcd8 32. Rcd1 Kf6 33. f4 h6 34. Ke2 g5 35. fxg5+ hxg5 36. f4 g4 37. d4 Rh7 38. Kd3 c4+ 39. Kc2 Rdh8 40. Rh1 g3 41. h3 Rxh3 42. Rxh3 Rxh3 43. Kb1 Rh1+ 44. Ka2 Rh2 45. Rd1 g2 46. Rg1 Ke6 47. a4 b4 48. cxb4 axb4 49. a5 Kd5 50. a6 Rh6 51. Rxg2 Rxa6+ 52. Kb1 Kxd4 53. Rd2+ Ke3 54. Rc2 Rc6 55. b3 c3 56. Rh2 Rd6 57. Kc2 Rd2+ 58. Rxd2 cxd2 59. Kd1 Kxf4 60. Kxd2 Ke4 61. Ke2 Kd4 62. Kd2 f4 63. Ke2 Kc3 0-1

[Event "Titled Tuesday intern op 24th Aug"]
[Site "Chess.com INT"]
[Date "2021.08.24"]
[Round "3"]
[White "Zhuravlev, Alexey"]
[Black "Lauridsen, Jesper Morch"]
[Result "1/2-1/2"]
[WhiteElo "2359"]
[BlackElo "2215"]
[PlyCount "92"]
[EventDate "2021.08.24"]
[EventType "swiss (blitz)"]
[EventRounds "11"]
[EventCountry "USA"]
[SourceTitle "EXT 2022"]
[Source "ChessBase"]
[SourceDate "2021.10.06"]
[SourceVersion "1"]
[SourceVersionDate "2021.10.06"]
[SourceQuality "1"]

1. e4 e6 2. d4 d5 3. Nc3 dxe4 4. Nxe4 Bd7 5. Nf3 Bc6 6. Bd3 Nd7 7. 0-0 Bxe4 8. Bxe4 c6 9. c4 Ngf6 10. Bc2 Be7 11. Bg5 0-0 12. Qd3 g6 13. Rad1 Qb6 14. Rfe1 Rad8 15. b3 Rfe8 16. Bb1 Bb4 17. Re2 a5 18. Qe3 c5 19. Qf4 Nh5 20. Qh4 cxd4 21. Bxd8 Rxd8 22. Qxd4 Bc5 23. Qh4 Kg7 24. Red2 Qc7 25. Nd4 Re8 26. Nb5 Qe5 27. Rxd7 Qe2 28. R7d2 Qe5 29. Be4 Nf4 30. Bf3 g5 31. Qg3 h5 32. h4 f6 33. hxg5 Ne2+ 34. Rxe2 Qxg3 35. gxf6+ Kxf6 36. Nd4 Bxd4 37. Rxd4 Qg5 38. Rde4 Qc1+ 39. Kh2 Qg5 40. Rd4 e5 41. Rd6+ Re6 42. Rd7 Qf4+ 43. Kg1 Qc1+ 44. Kh2 Qf4+ 45. Kh3 Qf5+ 46. Kh2 Qf4+ 1/2-1/2